000 00678nam a2200241Ia 4500
003 OSt
005 20221005072919.0
006 a|||||r|||| 00| 0
007 ta
008 221004b |||||||| |||| 00| 0 eng d
024 _a14669
037 _bGift, 09/12/2014,
_cTextual
040 _aCRL
_cCRL
_beng
041 _2eng
_aeng
082 _aY:7:7,d.2, Q3
100 _aMansukhani Vivek Ed.
_9607597
245 0 _aOpening boors
260 _aNew Delhi
_bFord Foundation International India
_c2013
300 _a339p.
_ccm.
650 _aSOCIOLOGY
942 _hY:7:7,d.2, Q3
_cTEXL
_2cc
999 _c980287
_d980287